<?xml version="1.0" encoding="UTF-8"?>
<marc:record xmlns:marc="http://www.loc.gov/MARC21/slim">
   <marc:leader>00000nam a2200000 a 4500</marc:leader>
   <marc:datafield ind1="1" ind2=" " tag="100">
      <marc:subfield code="a">Landy, Derek</marc:subfield>
      <marc:subfield code="4">aut</marc:subfield>
      <marc:subfield code="e">Verfasser/-in</marc:subfield>
   </marc:datafield>
   <marc:datafield ind1="0" ind2="0" tag="245">
      <marc:subfield code="a">Die Diablerie bittet zum Sterben</marc:subfield>
   </marc:datafield>
   <marc:datafield ind1="0" ind2="0" tag="245">
      <marc:subfield code="b">Skulduggery Pleasant Band 3</marc:subfield>
   </marc:datafield>
   <marc:datafield ind1=" " ind2="1" tag="264">
      <marc:subfield code="b">Loewes</marc:subfield>
      <marc:subfield code="c">2014</marc:subfield>
   </marc:datafield>
   <marc:datafield ind1="1" ind2=" " tag="490">
      <marc:subfield code="a">Skulduggery Pleasant</marc:subfield>
   </marc:datafield>
   <marc:datafield ind1="1" ind2=" " tag="520">
      <marc:subfield code="a">Ein Teleporter nach dem anderen wird umgebracht. Wer steckt dahinter? Und was bezwecken der oder die Mörder? Gut, dass Stephanie ihr Spiegelbild hat, das für sie in die Schule geht und die Hausaufgaben macht. Denn wer kann sich schon vormittags auf Geometrie konzentrieren, wenn er nachmittags noch eine Mordserie aufklären muss? In ihrem neuesten Fall müssen Skulduggery und Stephanie einen jungen Teleporter namens Fletcher Renn beschützen. Dumm nur, dass der sich als größte Nervensäge auf Erden entpuppt - und dass ihnen nicht nur die Diablerie im Nacken sitzt, sondern auch Remus Crux, der tollpatschigste Detektiv, den die Welt je gesehen hat. Der glaubt doch allen Ernstes, Skulduggery selbst sei der Teleporter-Mörder!</marc:subfield>
   </marc:datafield>
   <marc:datafield ind1=" " ind2=" " tag="020">
      <marc:subfield code="a">9783785574058</marc:subfield>
      <marc:subfield code="9">9783785574058</marc:subfield>
   </marc:datafield>
</marc:record>
